00659 2200241 4500001002100000005001500021035002000036245010400056100002300160250000600183300003500189700001200224260003600236082001000272084001600282020001800298650001600316990001700332990001700349990001700366990001700383990001700400INLIS00000000000017420180905013223 a0010-09180000281 aJurnalistik Untuk Remaja :bBuku Pintar Wartawan Sekolah /cBambang Trimansyah; Ilustrator, Yudiana0 aBambang Trimansyah a- avi, 72 hlm. :bilus. ;c21 cm.0 aYudiana aJakarta :bPT Karya Kita,c2010 a070.4 a070.4 BAM j a979-9282-83-7 aJurnalistik a00744/P/2018 a00745/P/2018 a00746/P/2018 a00747/P/2018 a00748/P/2018